Crime travel demand and bank robberies: Using CrimeStat III to model bank robbery trips

Gespeichert in:  
Bibliographische Detailangaben
1. VerfasserIn: Levine, Ned (Verfasst von)
Medienart: Elektronisch Aufsatz
Sprache:Englisch
Veröffentlicht: 2007
In: Social science computer review
Jahr: 2007, Band: 25, Heft: 2, Seiten: 239-258
Online-Zugang: Volltext (lizenzpflichtig)
Verfügbarkeit prüfen: HBZ Gateway

MARC

LEADER 00000caa a22000002c 4500
001 1912499789
003 DE-627
005 20250124054931.0
007 cr uuu---uuuuu
008 241217s2007 xx |||||o 00| ||eng c
024 7 |a 10.1177/0894439306298923  |2 doi 
035 |a (DE-627)1912499789 
035 |a (DE-599)KXP1912499789 
040 |a DE-627  |b ger  |c DE-627  |e rda 
041 |a eng 
084 |a 2,1  |2 ssgn 
100 1 |a Levine, Ned  |e VerfasserIn  |4 aut 
245 1 0 |a Crime travel demand and bank robberies: Using CrimeStat III to model bank robbery trips 
264 1 |c 2007 
336 |a Text  |b txt  |2 rdacontent 
337 |a Computermedien  |b c  |2 rdamedia 
338 |a Online-Ressource  |b cr  |2 rdacarrier 
773 0 8 |i Enthalten in  |t Social science computer review  |d Thousand Oaks, Calif. [u.a.] : Sage, 1988  |g 25(2007), 2, Seite 239-258  |h Online-Ressource  |w (DE-627)320615278  |w (DE-600)2021894-1  |w (DE-576)276817257  |x 1552-8286  |7 nnas 
773 1 8 |g volume:25  |g year:2007  |g number:2  |g pages:239-258 
787 0 8 |i Forschungsdaten  |a Levine, Ned  |t CrimeStat III: A Spatial Statistics Program for the Analysis of Crime Incident Locations (Version 3.3), United States, 2010 
856 4 0 |u https://doi.org/10.1177/0894439306298923  |x Resolving-System  |z lizenzpflichtig  |3 Volltext  |7 1 
935 |a mkri 
951 |a AR 
ELC |a 1 
LOK |0 000 xxxxxcx a22 zn 4500 
LOK |0 001 4637465281 
LOK |0 003 DE-627 
LOK |0 004 1912499789 
LOK |0 005 20241217044258 
LOK |0 008 241217||||||||||||||||ger||||||| 
LOK |0 035   |a (DE-2619)ICPSR89755 
LOK |0 040   |a DE-2619  |c DE-627  |d DE-2619 
LOK |0 092   |o n 
LOK |0 852   |a DE-2619 
LOK |0 852 1  |9 00 
LOK |0 935   |a nacp 
LOK |0 939   |a 17-12-24  |b l01 
ORI |a SA-MARC-krimdoka001.raw